000 00363nam a2200133Ia 4500
008 151001s9999||||xx |||||||||||||| ||und||
100 _aहरी नारायण आपटे
245 _aगड आला पण सिंह गेला
250 _a21
260 _bआंबेरकर द.वा.
260 _c1967
300 _a160
365 _b18
999 _c959282
_d959279